| 000 | 00703nam a22002057a 4500 | ||
|---|---|---|---|
| 999 |
_c1602 _d1602 |
||
| 003 | AR-CdUCM | ||
| 008 | 190227b ||||| |||| 00| 0 spa d | ||
| 040 |
_aMUNICIPALIDAD PROVINCIAL DEL CUSCO _cBIBLIOTECA MUNICIPAL DEL CUSCO |
||
| 082 |
_a918.561 / _bM81 |
||
| 100 |
_aMolina Porcel, Edwin _96006 |
||
| 245 |
_aGeografía del Cusco : _buna geografía para todos / |
||
| 260 |
_aCusco : _bE. Molina Porcel, _c2014. |
||
| 300 |
_a295 páginas ; _bmapas, ilustraciones ; _c21 cm. |
||
| 500 | _zBibliografía: p. 293-295. | ||
| 650 |
_aGeoagrfaía del Cusco _96007 |
||
| 650 |
_aPatrimonio Cultural _93805 |
||
| 650 |
_aEspacios turísticos _96008 |
||
| 942 |
_2ddc _cLIBROS |
||
| 945 |
_araen _d2019-02-27 |
||